Counties of Alabama - Statistics

General Stats
  • This quiz has been taken 158 times
  • The average score is 40 of 67
Answers on the Map
Answers color-coded by a green-red scale on the quiz's map according to % correct below.
 
Answer Stats
County % Correct
Autauga
81%
Mobile
78%
Tuscaloosa
78%
Washington
78%
Baldwin
74%
Tallapoosa
74%
Barbour
70%
Cherokee
70%
Montgomery
70%
Talladega
70%
Bibb
67%
Blount
67%
Bullock
67%
Coffee
67%
Houston
67%
Jefferson
67%
Lee
67%
Madison
67%
Monroe
67%
Butler
63%
Choctaw
63%
Clay
63%
Dale
63%
Greene
63%
Hale
63%
Pickens
63%
Calhoun
59%
Chambers
59%
Chilton
59%
Colbert
59%
Crenshaw
59%
Etowah
59%
Franklin
59%
Geneva
59%
Limestone
59%
Marengo
59%
Shelby
59%
Coosa
56%
Cullman
56%
Dallas
56%
DeKalb
56%
Escambia
56%
Henry
56%
Jackson
56%
Macon
56%
Marion
56%
Morgan
56%
Pike
56%
St. Clair
56%
Wilcox
56%
Clarke
52%
Cleburne
52%
Conecuh
52%
Covington
52%
Elmore
52%
Lauderdale
52%
Marshall
52%
Russell
52%
Winston
52%
Lowndes
48%
Perry
48%
Randolph
48%
Sumter
48%
Fayette
44%
Walker
44%
Lamar
41%
Lawrence
37%
No matching quizzes found
Score Distribution
Percent of People with Each Score
Percentile by Number Answered
Your Score History
You have not taken this quiz